| 000 | 01408nab a22002537a 4500 | ||
|---|---|---|---|
| 999 |
_c6029 _d6029 |
||
| 003 | OSt | ||
| 005 | 20260116203024.0 | ||
| 008 | 190605e xxu||||| |||| 00| 0 spa d | ||
| 040 | _cPJ | ||
| 100 |
_aPose, Lucía Verónica _94563 |
||
| 245 | 1 | 3 |
_aEl derecho de huelga y el decreto 340-2025 / _cLucía Verónica Pose. |
| 260 |
_aCiudad Autónoma de Buenos Aires : _bThomson Reuters La Ley, _c2025. |
||
| 300 | _ap. 21-26 | ||
| 500 | _aCita Online: Cita: TR LALEY AR/DOC/2004/2025. | ||
| 505 | _aSumario: I. Introducción.— II. La evolución del derecho de huelga.— III. La reglamentación del derecho de huelga.— IV. La huelga frente a los servicios esenciales. La regulación prevista en la ley 25.877 y el dec. 272/2006.— V. La sanción del dec. 340/2025.— VI. Fallo "Confederación General del Trabajo de la República Argentina c. Poder Ejecutivo Nacional s/ acción de amparo".— VII. Conclusión. | ||
| 505 | _t¿Te interesa el texto completo? Solicitalo al correo: koha@justierradelfuego.gov.ar | ||
| 650 | 0 |
_94583 _aDERECHOS SINDICALES |
|
| 650 | 0 |
_94564 _aDERECHO DE HUELGA |
|
| 650 | 0 |
_91462 _aCONFLICTOS COLECTIVOS DE TRABAJO |
|
| 650 | 0 |
_95622 _aSERVICIOS ESENCIALES |
|
| 650 | 0 |
_91340 _aMEDIDAS DE FUERZA |
|
| 773 | 0 |
_02711 _93168 _dCiudad Autónoma de Buenos Aires : Thomson Reuters La Ley, 1999-2002. _tRevista de derecho del trabajo. Nº 5 - Septiembre 2025 |
|
| 942 |
_2udc _cANA |
||